MCU cast / acteurs - Statistiques

Statistiques générales
  • Ce quiz a été pris 1 015 fois
    871 depuis la dernière actualisation
  • Le résultat moyen est 26 sur 96
Statistiques - réponses
Personnage Acteur % Correct
Tony Stark / Iron Man Robert Downey Jr.
98%
Steve Rogers / Captain America Chris Evans
96%
Thor Chris Hemsworth
94%
Peter Parker / Spiderman Tom Holland
89%
Natasha Romanoff / Black Widow Scarlett Johansson
85%
Bruce Banner / Hulk Edward Norton / Mark Ruffalo
82%
Peter Quill / Star-Lord Chris Pratt
78%
Stephen Strange / Doctor Strange Benedict Cumberbatch
75%
Clint Barton / Hawkeye Jeremy Renner
73%
Wanda Maximoff / Sorcière Rouge Elizabeth Olsen
71%
Nick Fury Samuel L. Jackson
68%
Loki Tom Hiddleston
68%
Scott Lang / Ant-Man Paul Rudd
66%
Groot Vin Diesel
65%
Carol Danvers / Captain Marvel Brie Larson
64%
M.J. Zendaya
62%
T'Challa / Black Panther Chadwick Boseman
61%
Bucky Barnes Sebastian Stan
59%
Rocket Bradley Cooper
56%
Sam Wilson / Faucon Anthony Mackie
55%
Vision Paul Bettany
55%
Jane Foster Natalie Portman
54%
Gamora Zoe Saldana
50%
Pepper Potts Gwyneth Paltrow
43%
Pietro Maximoff / Vif-Argent Aaron Taylor-Johnson
36%
Erik Killmonger Michael B. Jordan
36%
Heimdall Idris Elba
34%
James Rhodes / War Machine Terrence Howard / Don Cheadle
34%
Hela Cate Blanchett
32%
Happy Hogan Jon Favreau
32%
Odin Anthony Hopkins
31%
Hope Van Dyne / La Guêpe Evangeline Lilly
31%
Mantis Pom Klementieff
30%
Mystério Jake Gyllenhaal
29%
Thanos Josh Brolin
27%
Drax David Bautista
25%
Nébula Karen Gillan
24%
Valkyrie Tessa Thompson
24%
Wong Benedict Wong
23%
Hank Pym Michael Douglas
21%
Le Vautour Michael Keaton
19%
Maria Hill Cobie Smulders
17%
Dave T.I.
17%
Peggy Carter Hayley Atwell
15%
Le Grand Maître Jeff Goldblum
15%
Ivan Vanko / Whiplash Mickey Rourke
15%
L'Ancien Tilda Swinton
15%
Ulysses Klaue Andy Serkis
14%
Sharon Carter Emily VanCamp
14%
Helmut Zemo Daniel Brühl
13%
Johann Schmidt / Crâne Rouge Hugo Weaving / Ross Marquand
13%
Shuri Letitia Wright
13%
Janet Van Dyne Michelle Pfeiffer
13%
Obadiah Stane / Iron Monger Jeff Bridges
12%
Tante May Marisa Tomei
12%
Alexander Pierce Robert Redford
12%
Phil Coulson Clark Gregg
11%
Kaecilius Mads Mikkelsen
11%
Everett Ross Martin Freeman
11%
Le Collectionneur Benicio del Toro
10%
Christine Palmer Rachel McAdams
10%
Erik Selvig Stellan Skarsgard
10%
Okoye Danai Gurira
9%
Ned Leeds Jacob Batalon
9%
Ego Kurt Russell
9%
Ramonda Angela Bassett
8%
Crossbones Frank Grillo
8%
Aldrich Killian Guy Pearce
8%
Darcy Lewis Kat Dennings
8%
Yondu Udonta Michael Rooker
8%
Sif Jaimie Alexander
7%
Luis Michael Peña
7%
Frigga Rene Russo
7%
Thunderbolt Ross William Hurt
7%
Malekith Christopher Eccleston
6%
Howard Stark Dominic Cooper / John Slattery
6%
Justin Hammer Sam Rockwell
6%
Stakar Ogord Sylvester Stallone
6%
Arnim Zola Toby Jones
6%
Zuri Forest Whitaker
5%
Liz Allen Laura Harrier
5%
Kraglin Obfonteri Sean Gunn
5%
Karl Mordo Chiwetel Ejiofor
4%
Bill Foster Laurence Fishburne
4%
Chester Phillips Tommy Lee Jones
4%
Flash Thompson Tony Revolori
4%
M'Baku Winston Duke
4%
Darren Cross / Yellowjacket Corey Stoll
3%
W'Kabi Daniel Kaluuya
3%
Ava Starr / Fantôme Hannah John-Kamen
3%
Maria Stark Hope Davis
3%
T'Chaka John Kani
3%
Taserface Chris Sullivan
2%
Kurt David Dastmalchian
2%
Ebony Maw Tom Vaughan-Lawlor
2%
Ultron Neil Fingleton
1%
Aucun quiz correspondant
Distribution des résultats
% des personnes avec chaque résultat
Percentile par nombre de réponses
Votre historique - résultats
Vous n’avez pas pris ce quiz depuis la dernière actualisation